000 00802nam a22002177a 4500
999 _c9316
_d9316
003 AR-CdUCM
008 190327b ||||| |||| 00| 0 spa d
040 _aMUNICIPALIDAD PROVINCIAL DEL CUSCO
_cBIBLIOTECA MUNICIPAL DEL CUSCO
082 _a869.624 /
_bM28
100 _aMata, Gonzalo Humberto,
_916450
245 _aSal :
_bNovela /
260 _aCuenca :
_basa de la Cultura Ecuatoriana, Núcleo del Azuay,
_casa de la Cultura Ecuatoriana, Núcleo del Azuay,
300 _a275 páginas ;
_c22 cm.
500 _aDonación familia Nieto dedicatoria de Luis Nieto a Humberto Mata
505 _aContenido: Temas sociales revolucionarios.
650 _aRevolución ecuatoriana
_925432
650 _aLiteratura ecuatoriana
_911889
650 _aSuburbios
_925433
942 _2ddc
_cLIBROS
945 _adavv